000 00392nam a2200169Ia 4500
008 210210b1904 xxu||||| |||| 00| 0 eng d
041 _aeng
082 _a829/1100
100 _aTHACKERAY (W M)
245 _aTravels in London
260 _aLondon
_bMacmillan & Co. Ltd.
_c1904
650 _aTravels
650 _aLondon
650 _ain
690 _aEnglish Fiction
906 _a017715
999 _c137699
_d137699